Países da América do Sul em 1 Minuto - Statistics

Estatísticas Gerais
  • Esse quiz foi jogado 186 vezes
  • A pontuação média é 11 de 12
Estatísticas das Respostas
# País % Correto
3 Brasil
100%
1 Argentina
98%
4 Chile
95%
7 Guiana
93%
11 Uruguai
93%
12 Venezuela
93%
8 Paraguai
92%
5 Colômbia
91%
2 Bolívia
90%
6 Equador
90%
10 Suriname
90%
9 Peru
88%
Nenhum quiz correspondente encontrado
Distribuição das Pontuações
Porcentagem de Pessoas com Cada Pontuação
Percentil de Números Respondidos
Sua Pontuação Histórica
Você não jogou esse quiz